[Event "European Blitz 2021"]
[Site "Katowice POL"]
[Date "2021.12.17"]
[Round "7.17"]
[White "Balog, Imre"]
[Black "Wilk, Krzysztof"]
[Result "1/2-1/2"]
[WhiteTitle "GM"]
[WhiteElo "2577"]
[BlackElo "2121"]
[WhiteFideId "728446"]
[BlackFideId "1116193"]
[EventDate "2021.12.17"]

1. e4 c6 2. d4 d5 3. f3 f5 4. e5 e6 5. c4 dxc4 6. Bxc4 Ne7 7. Ne2 Nd5 8. Nbc3
Nd7 9. Nxd5 cxd5 10. Bd3 Nb6 11. O-O Be7 12. Bd2 O-O 13. Rc1 Bd7 14. Nf4 Rc8 15.
Qe2 g5 16. Nh5 Be8 17. Ng3 f4 18. Nh1 Bg6 19. Bxg6 hxg6 20. Ba5 Qd7 21. Bxb6
axb6 22. Nf2 Rc6 23. Rc3 Rfc8 24. Rfc1 Bb4 25. R3c2 b5 26. Nd3 Be7 27. g3 fxg3
28. hxg3 Rxc2 29. Rxc2 Rc4 30. b3 Rc6 31. Kf2 Qc8 32. Rxc6 Qxc6 33. Qd2 Kf7 34.
Qc1 Qxc1 35. Nxc1 b6 36. Ne2 Bb4 37. Ke3 Ke7 38. Kd3 Be1 39. g4 Kd7 40. Kc2 Kc6
41. f4 Bh4 42. Kd3 Kd7 43. Ke3 b4 44. Kf3 Ke7 45. Nc1 Be1 46. Nd3 Bd2 47. fxg5
Kf7 48. Ke2 Bc3 49. Kd1 Ke7 50. Kc2 Kf7 51. a3 Bxd4 52. axb4 Be3 53. b5 Bxg5 54.
Kc3 Be7 55. Kd4 g5 56. Nb2 Bc5+ 57. Kd3 Ke8 58. Na4 Bg1 59. Nc3 Ke7 60. Ne2 Bc5
61. Kc3 Kf7 62. Kc2 Bf8 63. Kd3 Bc5 64. Kd2 Bb4+ 65. Ke3 Bc5+ 66. Kd3 Ke7 67.
Nc1 Kf7 68. Na2 Bf8 69. Nc3 Bc5 70. Ne2 Ke7 71. Ng3 Kf7 72. Nf1 Be7 73. Nd2 Ke8
74. Nf3 Kd7 75. Nd4 Bc5 76. Nc2 Be7 77. b4 Bf8 78. Kd4 Be7 79. Kc3 Bf8 80. Ne1
Bg7 81. Nf3 Ke8 82. Kd4 Kf7 83. Nxg5+ Ke7 84. Nf3 Kf7 85. Kd3 Bf8 86. Kc3 Bg7
87. Kd3 Bf8 88. Kc3 Bg7 89. Kd4 Bf8 90. Ng5+ Ke7 91. Kd3 Bh6 92. Nf3 Bg7 93. Ke3
Kf7 94. Kf4 Bh6+ 95. g5 Bf8 96. Nd4 Bxb4 97. g6+ Kxg6 98. Nxe6 Bd2+ 99. Kg4 Be3
100. Nc7 d4 101. Nd5 Kf7 102. Kf3 Bg1 103. Ke4 Ke6 104. Nxb6 d3 105. Nc4 Bh2
106. b6 d2 107. Nxd2 Bxe5 108. Nc4 Bb8 109. Kd4 Bh2 110. Ke4 Bg3 111. Na5 1/2-1/2

[Event "European Blitz 2021"]
[Site "Katowice POL"]
[Date "2021.12.17"]
[Round "7.23"]
[White "Tazbir, Marcin"]
[Black "Kacprzak, Karol"]
[Result "1-0"]
[WhiteTitle "GM"]
[WhiteElo "2508"]
[BlackElo "2226"]
[WhiteFideId "1122452"]
[BlackFideId "21819327"]
[EventDate "2021.12.17"]

1. c4 c5 2. g3 Nc6 3. Bg2 g6 4. Nc3 Bg7 5. e3 e6 6. Nge2 Nge7 7. Nf4 O-O 8. O-O
a6 9. b3 Rb8 10. Bb2 d6 11. Na4 b5 12. Bxg7 Kxg7 13. Nc3 bxc4 14. bxc4 Qa5 15.
Rb1 Bd7 16. Ne4 Qc7 17. Qc2 e5 18. Ne2 Be6 19. a3 h6 20. d3 f5 21. N4c3 Qa5 22.
Nd5 Bxd5 23. cxd5 Na7 24. a4 Rb4 25. f4 exf4 26. Nxf4 Rfb8 27. Qc3+ Kf7 28. Ne6
Rg8 29. e4 Rxa4 30. Qxa5 Rxa5 31. Rb7 Nc8 32. exf5 Rb5 33. fxg6+ Kxg6 34. Be4+
Kh5 35. Rc7 a5 36. Rf2 a4 37. Ra2 Rb4 38. Kg2 Ng6 39. Rf7 Nce7 40. Bf3+ Rg4 41.
Bxg4+ Kxg4 42. Rxa4+ Kh5 43. Kh3 Nxd5 44. g4# 1-0

[Event "European Blitz 2021"]
[Site "Katowice POL"]
[Date "2021.12.17"]
[Round "9.30"]
[White "Teclaf, Pawel"]
[Black "Praczukowski, Stanislaw"]
[Result "1-0"]
[WhiteTitle "IM"]
[WhiteElo "2542"]
[BlackElo "2068"]
[WhiteFideId "1185934"]
[BlackFideId "1182730"]
[EventDate "2021.12.17"]

1. Nf3 Nf6 2. g3 g6 3. b3 Bg7 4. Bb2 O-O 5. Bg2 d6 6. d4 c5 7. O-O Ne4 8. Nbd2
Nxd2 9. Qxd2 Nc6 10. c4 cxd4 11. Nxd4 Bd7 12. Nb5 Bxb2 13. Qxb2 a6 14. Nc3 Rb8
15. Rac1 b5 16. cxb5 axb5 17. Nxb5 Qb6 18. Nc3 Be6 19. Na4 Qd4 20. Bxc6 1-0

[Event "European Blitz 2021"]
[Site "Katowice POL"]
[Date "2021.12.17"]
[Round "9.32"]
[White "Nasuta, Grzegorz"]
[Black "Kiolbasa, Damian"]
[Result "1-0"]
[WhiteTitle "GM"]
[WhiteElo "2521"]
[BlackElo "1965"]
[WhiteFideId "1141686"]
[BlackFideId "1146688"]
[EventDate "2021.12.17"]

1. e4 e6 2. d4 d5 3. Nc3 Bb4 4. exd5 exd5 5. Bd3 Nf6 6. Ne2 c6 7. O-O O-O 8. Ng3
Bg4 9. Nce2 Re8 10. f3 Bc8 11. c3 Bd6 12. Bf4 Na6 13. Qd2 Nc7 14. Rae1 Bxf4 15.
Nxf4 Bd7 16. Rxe8+ Qxe8 17. Nfh5 Nxh5 18. Nxh5 f6 19. Ng3 Qf7 20. Qf4 Ne6 21.
Qh4 Nf8 22. Qf4 Re8 23. Kf2 Qe7 24. b4 a6 25. a4 g5 26. Qd2 Ng6 27. Re1 Qf7 28.
Rxe8+ Qxe8 29. Bxg6 hxg6 30. a5 Kg7 31. Qe3 Qxe3+ 32. Kxe3 Bf5 33. Ne2 Bc8 34.
Nc1 f5 35. Nd3 Kf6 36. Nc5 f4+ 37. Kf2 Kf5 38. Nd3 g4 39. Ne5 gxf3 40. Kxf3 g5
41. h3 Kf6 42. h4 Kf5 43. hxg5 Kxg5 44. Nf7+ Kf6 45. Nd6 Bf5 46. Kxf4 Be4 47.
Nxe4+ 1-0

[Event "European Blitz 2021"]
[Site "Katowice POL"]
[Date "2021.12.17"]
[Round "10.4"]
[White "Kosakowski, Jakub"]
[Black "Kovalenko, Igor"]
[Result "1/2-1/2"]
[WhiteTitle "IM"]
[BlackTitle "GM"]
[WhiteElo "2437"]
[BlackElo "2668"]
[WhiteFideId "1185080"]
[BlackFideId "14117908"]
[EventDate "2021.12.17"]

1. e4 d5 2. exd5 Qxd5 3. Nc3 Qa5 4. d4 Nf6 5. Bc4 Bg4 6. Ne2 Nc6 7. f3 Bf5 8.
Bd2 O-O-O 9. d5 Ne5 10. Bb3 Qb6 11. Bf4 Ng6 12. Qd2 e5 13. Bg5 h6 14. Bxf6 Qxf6
15. O-O-O Bd6 16. Ng3 Bd7 17. Kb1 Qf4 18. Qf2 Kb8 19. Nce4 f5 20. Nc5 Qh4 21.
Ne6 Rdg8 22. Qd2 Qf6 23. Rhe1 Nf8 24. f4 e4 25. Nd4 g5 26. fxg5 Qxg5 27. Qf2 Ng6
28. Ne6 Bxe6 29. dxe6 Rf8 30. Rf1 e3 31. Qe2 Ne7 32. Rd3 f4 33. Ne4 Qe5 34. Nxd6
cxd6 35. Rfd1 d5 36. Bxd5 Nxd5 37. Rxd5 Qxe6 38. a3 Rc8 39. Rd7 Rhf8 40. R1d6
Qe4 41. Rxh6 Rfe8 42. Rhh7 Rc5 43. Rxb7+ Qxb7 44. Rxb7+ Kxb7 45. Qf3+ Kb6 46. b4
Rce5 47. Qxf4 e2 48. Qd4+ Kb7 49. Qd7+ Kb6 50. Qd6+ Kb7 51. Qd7+ Kb6 52. Qd6+
Kb5 53. Qd7+ Kb6 54. Qd6+ 1/2-1/2

[Event "European Blitz 2021"]
[Site "Katowice POL"]
[Date "2021.12.17"]
[Round "10.5"]
[White "Brodowski, Piotr"]
[Black "Stefansson, Hannes"]
[Result "0-1"]
[WhiteTitle "IM"]
[BlackTitle "GM"]
[WhiteElo "2443"]
[BlackElo "2518"]
[WhiteFideId "1124480"]
[BlackFideId "2300087"]
[EventDate "2021.12.17"]

1. c4 e5 2. Nc3 Nf6 3. Nf3 Nc6 4. e4 Bb4 5. d3 h6 6. a3 Bc5 7. b4 Bd4 8. Nxd4
Nxd4 9. Ne2 Nxe2 10. Bxe2 O-O 11. O-O c6 12. Bb2 Re8 13. f4 d6 14. Qe1 Bg4 15.
Bxg4 Nxg4 16. Qg3 Nf6 17. fxe5 dxe5 18. Rf3 Nh5 19. Qf2 Nf4 20. d4 f6 21. d5
cxd5 22. exd5 b5 23. Bc1 Ng6 24. Rg3 Kf7 25. Qf5 Nf8 26. Qh5+ g6 27. Qxh6 Re7
28. Rxg6 Nxg6 29. Qh7+ Ke8 30. h3 Rf7 31. Qxg6 bxc4 32. Be3 0-1

[Event "European Blitz 2021"]
[Site "Katowice POL"]
[Date "2021.12.17"]
[Round "10.23"]
[White "Spalir, Jernej"]
[Black "Warchol, Kamil"]
[Result "0-1"]
[WhiteTitle "IM"]
[BlackTitle "CM"]
[WhiteElo "2373"]
[BlackElo "1956"]
[WhiteFideId "14606518"]
[BlackFideId "21858241"]
[EventDate "2021.12.17"]

1. d4 d6 2. Nf3 Bg4 3. Nbd2 Nd7 4. g3 c6 5. Bg2 Ngf6 6. O-O Qc7 7. c4 e5 8. Qc2
Be7 9. b3 O-O 10. Bb2 Rfe8 11. h3 Bh5 12. Nh4 Bf8 13. e3 exd4 14. Bxd4 Ne5 15.
Rac1 Be2 16. Rfe1 Bd3 17. Qc3 Bg6 18. Nxg6 hxg6 19. Qc2 Rad8 20. a4 Ned7 21.
Red1 Qb8 22. b4 Qc7 23. b5 c5 24. Bc3 Nb6 25. e4 Nfd7 26. a5 Nc8 27. Nf1 Ne7 28.
Ne3 Nf6 29. Qb2 b6 30. Ra1 Nd7 31. Rd2 Ne5 32. f4 Nd7 33. g4 Nb8 34. Ra3 Nd7 35.
Qa1 Nb8 36. g5 Kh7 37. axb6 axb6 38. Ra7 Qc8 39. Ng4 Kg8 40. Kh2 Rd7 41. e5 Rxa7
42. Qxa7 dxe5 43. Nxe5 Qf5 44. Kg3 Qe6 45. Qb7 Nf5+ 46. Kh2 Nd4 47. Bxd4 cxd4
48. Rxd4 Bc5 49. Rd2 Qf5 50. Qf3 f6 51. gxf6 gxf6 52. Qd5+ Kh8 53. Nf7+ Kg7 54.
Qxf5 gxf5 55. Nd6 Re1 56. Nxf5+ Kg6 57. Ng3 Be3 0-1

[Event "European Blitz 2021"]
[Site "Katowice POL"]
[Date "2021.12.17"]
[Round "11.52"]
[White "Sliwicka, Alicja"]
[Black "Koubova, Anna Marie"]
[Result "0-1"]
[WhiteTitle "WIM"]
[WhiteElo "2289"]
[BlackElo "2148"]
[WhiteFideId "1150677"]
[BlackFideId "381470"]
[EventDate "2021.12.17"]

1. e4 e6 2. d4 d5 3. e5 c5 4. c3 Nc6 5. Nf3 Bd7 6. Bd3 Rc8 7. a3 cxd4 8. O-O
dxc3 9. Nxc3 Nge7 10. Nb5 Ng6 11. Re1 a6 12. Nc3 Be7 13. g3 Qc7 14. Qe2 O-O 15.
h4 f6 16. exf6 Bxf6 17. Ng5 Bd4 18. Be3 Bxe3 19. Qxe3 d4 20. Qe2 dxc3 21. Qh5 h6
22. Qxg6 hxg5 23. Qh7+ Kf7 24. Qh5+ Ke7 25. Qxg5+ Rf6 26. Qxg7+ Rf7 27. Qg5+ Rf6
28. bxc3 Rf8 29. Re2 Nd8 30. c4 Nf7 31. Qe3 Nd6 32. Rae1 Nf5 33. Qg5 Ke8 34.
Qh5+ Ke7 35. Qg5 Ke8 36. h5 R8f7 37. Qg8+ Ke7 38. Qg4 Rg7 39. Qh3 Nxg3 40. Re3
Nf5+ 41. Kh1 Nxe3 42. fxe3 Rg3 43. Qh2 Rff3 44. Bf1 Qe5 45. Qh4+ Qf6 46. Qh2
Rxf1+ 47. Qg1 Rgxg1+ 48. Kh2 Qh4# 0-1

[Event "European Blitz 2021"]
[Site "Katowice POL"]
[Date "2021.12.17"]
[Round "13.30"]
[White "Batashevs, Arsens"]
[Black "Grabarczyk, Miroslaw"]
[Result "1-0"]
[BlackTitle "GM"]
[WhiteElo "2165"]
[BlackElo "2371"]
[WhiteFideId "11603593"]
[BlackFideId "1101684"]
[EventDate "2021.12.17"]

1. d4 d5 2. g3 Nf6 3. Bg2 Bf5 4. Nh3 e6 5. f3 c5 6. c3 Nc6 7. O-O Qb6 8. e3 Be7
9. Nf2 Bg6 10. Na3 O-O 11. Nc2 Rac8 12. Nd3 Bd6 13. a4 a6 14. f4 Rfe8 15. Ne5
Bxc2 16. Qxc2 cxd4 17. Nxc6 Rxc6 18. exd4 Qxd4+ 19. cxd4 Rxc2 20. Be3 Ng4 21.
Bf2 Rec8 22. Rab1 Nxf2 23. Rxf2 Bb8 24. Re1 Ba7 25. Rxc2 Rxc2 26. Bxd5 Bxd4+ 27.
Kh1 Bf2 28. Re4 Rxb2 29. f5 Kf8 30. fxe6 fxe6 31. Rxe6 a5 32. Bc4 b6 33. Bb5 Kf7
34. Rc6 Bc5 35. Bc4+ Ke7 36. Bb5 Rc2 37. Rc8 h6 38. Rc6 h5 39. h3 Bf2 40. Rxc2 1-0

[Event "European Blitz 2021"]
[Site "Katowice POL"]
[Date "2021.12.17"]
[Round "13.38"]
[White "Bogdanov, Ignat"]
[Black "Diermair, Andreas"]
[Result "0-1"]
[BlackTitle "GM"]
[WhiteElo "2058"]
[BlackElo "2490"]
[WhiteFideId "14139650"]
[BlackFideId "1612468"]
[EventDate "2021.12.17"]

1. d4 d5 2. Nf3 Nf6 3. g3 c5 4. Bg2 Nc6 5. O-O Bf5 6. c4 e6 7. Nc3 Be7 8. dxc5
Bxc5 9. cxd5 exd5 10. Bg5 d4 11. Na4 Bb6 12. Rc1 O-O 13. Nc5 Bxc5 14. Rxc5 Be4
15. Qd2 Qd6 16. Rfc1 Rad8 0-1

[Event "European Blitz 2021"]
[Site "Katowice POL"]
[Date "2021.12.17"]
[Round "13.45"]
[White "Janaszak, Dawid"]
[Black "Jazdanovs, Aleksandrs"]
[Result "1-0"]
[WhiteTitle "FM"]
[BlackTitle "CM"]
[WhiteElo "2333"]
[BlackElo "2089"]
[WhiteFideId "1119206"]
[BlackFideId "11604492"]
[EventDate "2021.12.17"]

1. e4 c5 2. Nc3 d6 3. f4 Nc6 4. Nf3 g6 5. Bc4 Bg7 6. O-O e6 7. d4 cxd4 8. Nb5
Nge7 9. Bb3 O-O 10. Nbxd4 Na5 11. c3 Nxb3 12. axb3 a6 13. Kh1 e5 14. Ne2 Qb6 15.
b4 Be6 16. Ng3 exf4 17. Bxf4 d5 18. e5 Nc6 19. Qd2 d4 20. Nxd4 Nxd4 21. Qxd4
Qxd4 22. cxd4 Rfd8 23. Rfd1 Bf8 24. Bg5 Rd5 25. Ne4 Rb5 26. d5 Bf5 27. Nf6+ Kg7
28. d6 h6 29. Bd2 Rxe5 30. Bc3 Kxf6 31. Rd5 Re8 32. Re1 Bxd6 33. Rxd6+ 1-0

[Event "European Blitz 2021"]
[Site "Katowice POL"]
[Date "2021.12.17"]
[Round "13.60"]
[White "Pacuszka, Tomasz"]
[Black "Grossmann, Ryszard"]
[Result "1-0"]
[WhiteTitle "FM"]
[BlackTitle "FM"]
[WhiteElo "2193"]
[BlackElo "1899"]
[WhiteFideId "1119036"]
[BlackFideId "1102214"]
[EventDate "2021.12.17"]

1. e4 c6 2. Nc3 d5 3. d3 g6 4. Nf3 Bg4 5. Be2 e6 6. h3 Bxf3 7. Bxf3 Bg7 8. O-O
Ne7 9. g3 O-O 10. Bg2 Nd7 11. Kh2 Re8 12. f4 Qa5 13. e5 f6 14. d4 c5 15. Ne2
cxd4 16. Nxd4 Nc6 17. Nxe6 fxe5 18. Nxg7 Kxg7 19. f5 e4 20. fxg6 hxg6 21. Qg4
Nde5 22. Qh4 Kg8 23. Bf4 Qd8 24. Qh6 Re6 25. Rad1 Nf7 26. Qh4 Qxh4 27. gxh4 Rd8
28. Rg1 Kh7 29. Bf1 Nce5 30. Be2 d4 31. Rdf1 d3 32. cxd3 exd3 33. Bd1 Rf6 34. h5
Rd4 35. Be3 Rxf1 36. hxg6+ Kh8 37. Rxf1 Re4 38. gxf7 Nxf7 39. Bxa7 Ne5 40. Kg2
Nc4 41. Bf3 Re8 42. Bd4+ Kh7 43. b3 Nd2 44. Rd1 Nxf3 45. Kxf3 Re2 46. a4 Rh2 47.
Kg3 Rc2 48. Rxd3 Kg6 49. b4 Rc4 50. Bc5 b6 51. Bxb6 Rxb4 52. a5 Rb1 53. Ra3 Rb5
54. a6 Rxb6 55. a7 Rb8 56. axb8=Q 1-0

[Event "European Blitz 2021"]
[Site "Katowice POL"]
[Date "2021.12.17"]
[Round "13.61"]
[White "Wieczorek, Oskar"]
[Black "Mica, Marek"]
[Result "1-0"]
[WhiteTitle "GM"]
[BlackTitle "FM"]
[WhiteElo "2500"]
[BlackElo "2303"]
[WhiteFideId "1133950"]
[BlackFideId "382884"]
[EventDate "2021.12.17"]

1. e4 c6 2. d4 d5 3. Nd2 dxe4 4. Nxe4 Bf5 5. Ng3 Bg6 6. c3 e6 7. Nh3 Bd6 8. Nf4
Nf6 9. h4 Bxf4 10. Bxf4 h5 11. Be2 Nbd7 12. Qb3 Qb6 13. Bd6 Ne4 14. Nxe4 Bxe4
15. O-O Nf6 16. Rfe1 Qxb3 17. axb3 Kd7 18. Be5 a5 19. Ra3 b6 20. Rea1 Rac8 21.
b4 axb4 22. Ra7+ Ke8 23. Bd6 Nd7 24. f3 Bf5 25. cxb4 e5 26. dxe5 Be6 27. b5 c5
28. Rb7 1-0

[Event "European Blitz 2021"]
[Site "Katowice POL"]
[Date "2021.12.17"]
[Round "14.21"]
[White "Kastelik, Adrian"]
[Black "Lubczynski, Rafal"]
[Result "1-0"]
[BlackTitle "IM"]
[WhiteElo "2102"]
[BlackElo "2413"]
[WhiteFideId "1134701"]
[BlackFideId "1126091"]
[EventDate "2021.12.17"]

1. d4 b5 2. e4 a6 3. c4 Bb7 4. f3 bxc4 5. Nc3 e6 6. Bxc4 Nc6 7. Nge2 g6 8. Be3
Bg7 9. Qd2 h6 10. Bb3 Na5 11. d5 Nxb3 12. axb3 Ne7 13. dxe6 fxe6 14. O-O Nc6 15.
Nd4 Qf6 16. Ra4 Rb8 17. Rd1 Ne5 18. Nde2 g5 19. Ng3 Qf7 20. Rb4 Nc6 21. Rc4 Bc8
22. Rxc6 O-O 23. Rxc7 Rxb3 24. Qc2 Rb4 25. Bc5 Rc4 26. Bxf8 Rxc7 27. Bxg7 Qxg7
28. Qd3 Qe5 29. Qd6 Qa5 30. Nh5 Kf7 31. f4 Rc6 32. Qd4 Qb6 33. Qxb6 Rxb6 34.
fxg5 hxg5 35. Rd2 Ke7 36. Ng3 Rb4 37. Kf2 Bb7 38. Ke3 a5 39. Nge2 a4 40. g3 Bc6
41. h4 gxh4 42. gxh4 Kf6 43. Nd4 Bb7 44. Rg2 d5 45. exd5 e5 46. Ne4+ Kf7 47. Nc6
Rb3+ 48. Nc3 a3 49. Nxe5+ Kf6 50. Nd3 a2 51. Nxa2 Bxd5 52. Rf2+ Kg7 53. Nc3 Be6
54. h5 Bg8 55. Rg2+ Kh7 56. Kf4 Bc4 57. Ne5 Be6 58. Ne4 Rb4 59. Nd3 Rd4 60. Nc5
Bc8 61. Ke5 Rc4 62. Nf6+ Kh6 63. Rg6# 1-0

[Event "European Blitz 2021"]
[Site "Katowice POL"]
[Date "2021.12.17"]
[Round "14.31"]
[White "Mica, Marek"]
[Black "Wieczorek, Oskar"]
[Result "0-1"]
[WhiteTitle "FM"]
[BlackTitle "GM"]
[WhiteElo "2303"]
[BlackElo "2500"]
[WhiteFideId "382884"]
[BlackFideId "1133950"]
[EventDate "2021.12.17"]

1. c4 Nf6 2. Nc3 c5 3. Nf3 g6 4. g3 Nc6 5. Bg2 d6 6. O-O Bg7 7. d4 cxd4 8. Nxd4
Bd7 9. Nc2 h5 10. h4 O-O 11. b3 Qa5 12. Bd2 Rfc8 13. Rb1 Qd8 14. Ne3 Rab8 15.
Ned5 Nxd5 16. Nxd5 Be6 17. Nc3 a6 18. a4 Ne5 19. e4 Qb6 20. Qe2 Qd4 21. Kh1 Qd3
22. Qxd3 Nxd3 23. Nd5 Bxd5 24. exd5 b5 25. axb5 axb5 26. cxb5 Rc2 27. Be3 Rxb5
28. Be4 Rc3 29. Rfd1 Nc5 30. Bxc5 Rcxc5 31. b4 Rc3 32. f3 Be5 33. Kg2 Kg7 34.
Rd2 f5 35. Bc2 f4 36. Ba4 Rb6 37. Bc6 fxg3 38. b5 Rc4 39. Kh3 Kf6 40. Ra2 g5 41.
hxg5+ Kxg5 42. Kg2 h4 43. Rd1 Kf4 44. Rd3 Rb8 45. Ra8 Rc2+ 46. Kg1 Rxa8 47. Bxa8
h3 48. b6 Rc1+ 0-1

[Event "European Blitz 2021"]
[Site "Katowice POL"]
[Date "2021.12.17"]
[Round "14.32"]
[White "Mis, Mieszko"]
[Black "Warchol, Kamil"]
[Result "1-0"]
[WhiteTitle "FM"]
[BlackTitle "CM"]
[WhiteElo "2417"]
[BlackElo "1956"]
[WhiteFideId "1196448"]
[BlackFideId "21858241"]
[EventDate "2021.12.17"]

1. d4 d6 2. Nf3 Bg4 3. Nbd2 Nd7 4. g3 c6 5. Bg2 Qc7 6. O-O e5 7. h3 Bh5 8. c3
Ngf6 9. Nh4 Bg6 10. Nxg6 hxg6 11. a4 Be7 12. Qc2 O-O 13. Ne4 Nxe4 14. Bxe4 Nf6
15. Bg2 d5 16. dxe5 Qxe5 17. Bf4 Qe6 18. Rfe1 Rfe8 19. a5 Bd6 20. Bxd6 Qxd6 21.
a6 b6 22. Rad1 Rac8 23. e4 Qc5 24. e5 Nd7 25. e6 Rxe6 26. Rxe6 fxe6 27. Qxg6 Nf8
28. Qd3 Re8 29. b4 Qe7 30. Re1 Qd6 31. Re2 Rd8 32. h4 c5 33. b5 d4 34. c4 Re8
35. h5 Kh8 36. Re4 e5 37. Rg4 Nh7 38. Be4 Nf6 39. Rg6 Qe7 40. h6 gxh6 41. Rxh6+
Kg7 42. Rg6+ Kf7 43. Qf3 Rf8 44. Rh6 Ke8 45. Bf5 e4 46. Qf4 d3 47. Qb8+ Kf7 48.
Qf4 Rd8 49. Bxe4 d2 50. Rh7+ Kf8 51. Qh6+ Ke8 52. Rxe7+ Kxe7 53. Bf3 1-0

[Event "European Blitz 2021"]
[Site "Katowice POL"]
[Date "2021.12.17"]
[Round "14.33"]
[White "Mirski, Michal"]
[Black "Niedbala, Bartlomiej"]
[Result "0-1"]
[BlackTitle "FM"]
[WhiteElo "2039"]
[BlackElo "2385"]
[WhiteFideId "1157159"]
[BlackFideId "21834008"]
[EventDate "2021.12.17"]

1. e4 c6 2. d4 d5 3. Nc3 dxe4 4. Nxe4 Nf6 5. Nxf6+ exf6 6. c3 Bd6 7. Bd3 O-O 8.
Ne2 Re8 9. O-O Bg4 10. f3 Bh5 11. Nf4 Bg6 12. Nxg6 hxg6 13. Qb3 Qc7 14. Bxg6
Bxh2+ 15. Kh1 Bd6 16. Bd2 Kf8 17. Bd3 Qa5 18. g4 Qb6 19. Qc2 Nd7 20. Kg2 c5 21.
Rh1 Ke7 22. Rh7 cxd4 23. Rxg7 Ne5 24. Be4 Rg8 25. Rxg8 Rxg8 26. cxd4 Qxd4 27.
Bc3 Qe3 28. Re1 Nxg4 29. Bg6 Qxe1 30. Bxe1 Ne3+ 31. Kf2 Nxc2 32. Bxc2 Bg3+ 0-1

[Event "European Blitz 2021"]
[Site "Katowice POL"]
[Date "2021.12.17"]
[Round "14.34"]
[White "Reimanis, Ritvars"]
[Black "Molenda, Marcin"]
[Result "0-1"]
[WhiteTitle "IM"]
[BlackTitle "FM"]
[WhiteElo "2397"]
[BlackElo "2365"]
[WhiteFideId "11602988"]
[BlackFideId "1173065"]
[EventDate "2021.12.17"]

1. d4 Nf6 2. c4 g6 3. Nf3 Bg7 4. Nc3 O-O 5. e4 d6 6. Be2 Nbd7 7. O-O e5 8. Re1
Re8 9. d5 Nc5 10. Nd2 a5 11. Bf1 Bh6 12. Nb3 Bxc1 13. Qxc1 b6 14. h3 Nh5 15. g3
f5 16. exf5 gxf5 17. Qh6 Ng7 18. f4 Nxb3 19. axb3 e4 20. Ne2 Bd7 21. Nd4 Rf8 22.
Qg5 Rf6 23. Kh2 Qf8 24. b4 Kh8 25. bxa5 bxa5 26. b4 Rb8 27. bxa5 Qf7 28. a6 Rg6
29. Qh4 Qg8 30. a7 Re8 31. Re3 h6 32. Rea3 Ra8 33. Qe7 Bc8 34. Qxc7 Nh5 35. Ne2
Nf6 36. Qb8 Bd7 37. Qxg8+ Rgxg8 38. Nd4 Rgc8 39. Be2 Ne8 40. Ra6 Kg7 41. Nc6 Rc7
42. g4 Nf6 43. gxf5 Bxf5 44. Nd4 0-1

[Event "European Blitz 2021"]
[Site "Katowice POL"]
[Date "2021.12.17"]
[Round "14.35"]
[White "Motylev, Alexander"]
[Black "Rigopoulos-Tsigkos, Alexandros"]
[Result "1-0"]
[WhiteTitle "GM"]
[WhiteElo "2633"]
[BlackElo "2076"]
[WhiteFideId "4121830"]
[BlackFideId "4215109"]
[EventDate "2021.12.17"]

1. Nf3 c5 2. e4 e6 3. c3 d5 4. e5 Ne7 5. d4 Nec6 6. Bd3 Nd7 7. O-O Be7 8. Re1
Qb6 9. Bc2 a5 10. a3 Qc7 11. Be3 b6 12. a4 Ba6 13. Na3 Rc8 14. Nb5 Bxb5 15. axb5
Na7 16. Ba4 h6 17. h4 Qd8 18. h5 c4 19. b3 cxb3 20. Qxb3 Qc7 21. Rec1 O-O 22.
Nd2 f6 23. c4 Qb7 24. cxd5 exd5 25. e6 Nb8 26. Nf3 Rxc1+ 27. Rxc1 Nc8 28. Qa2
Rd8 29. Bb3 Kh8 30. Nh4 Nd6 31. Ng6+ Kg8 32. Bxd5 Qa7 33. Bc6 Nf5 34. d5 Bd6 35.
Qb1 Nxe3 36. fxe3 Qc7 37. Qe4 Be7 38. Qf4 Bd6 39. Qg4 Bh2+ 40. Kh1 Bd6 41. Rf1
Be7 42. e4 Qd6 43. e5 fxe5 44. Rf7 Bf6 45. Rxf6 Nxc6 46. bxc6 Qxd5 47. Ne7+ 1-0

[Event "European Blitz 2021"]
[Site "Katowice POL"]
[Date "2021.12.17"]
[Round "14.36"]
[White "Karpus, Michal"]
[Black "Pultinevicius, Paulius"]
[Result "0-1"]
[WhiteTitle "FM"]
[BlackTitle "GM"]
[WhiteElo "2185"]
[BlackElo "2546"]
[WhiteFideId "1174088"]
[BlackFideId "12809390"]
[EventDate "2021.12.17"]

1. e4 c6 2. d4 d5 3. Nc3 dxe4 4. Nxe4 Bf5 5. Ng3 Bg6 6. h4 h6 7. Nf3 Nd7 8. h5
Bh7 9. Bd3 Bxd3 10. Qxd3 e6 11. Bd2 Ngf6 12. O-O-O Be7 13. Kb1 Qb6 14. Ne4 Rd8
15. Nxf6+ Nxf6 16. Be3 Nd5 17. Ne5 Bf6 18. f4 Bxe5 19. fxe5 O-O 20. Bc1 c5 21.
Qg3 Kh8 22. c4 Ne7 23. dxc5 Qxc5 24. Qc3 Nc6 25. Be3 Qxe5 26. Qxe5 Nxe5 27. Bxa7
Nxc4 28. b3 Nd2+ 29. Kb2 Ne4 30. Rhe1 f5 31. Bb6 Rxd1 32. Rxd1 Nf6 33. Rd6 Re8
34. Bd4 Nxh5 35. Rd7 e5 36. Bc3 f4 37. Rxb7 e4 38. a4 Rf8 39. a5 f3 40. gxf3
exf3 41. Bd4 f2 42. Bxf2 Rxf2+ 43. Ka3 Rf1 44. Kb4 Ra1 45. Kb5 Nf4 46. a6 h5 47.
a7 Kh7 48. Kb6 Nd5+ 49. Kc5 Nf6 50. b4 h4 51. b5 h3 52. Re7 h2 53. Re1 Rxe1 0-1

[Event "European Blitz 2021"]
[Site "Katowice POL"]
[Date "2021.12.17"]
[Round "14.37"]
[White "Golubovskis, Maksims"]
[Black "Mirzoev, Emil"]
[Result "0-1"]
[WhiteTitle "FM"]
[BlackTitle "GM"]
[WhiteElo "2210"]
[BlackElo "2474"]
[WhiteFideId "11608528"]
[BlackFideId "14108640"]
[EventDate "2021.12.17"]

1. c4 e5 2. g3 g6 3. Bg2 Bg7 4. Nc3 Ne7 5. d3 O-O 6. Nf3 c6 7. O-O d5 8. Qb3 d4
9. Nb1 c5 10. a3 Nec6 11. e3 a5 12. exd4 cxd4 13. Qa4 Na6 14. Qc2 Nc5 15. b3 Bf5
16. Rd1 e4 17. dxe4 Bxe4 18. Qa2 Qf6 19. Nbd2 Bf5 20. Bb2 Rfd8 21. Nh4 Bg4 22.
f3 Be6 23. Ne4 Nxe4 24. fxe4 Qe7 25. Re1 a4 26. bxa4 Ne5 27. Rad1 Nxc4 28. Qa1
Nxb2 29. Qxb2 Rxa4 30. e5 d3 31. Qxb7 Qxb7 32. Bxb7 Bb3 0-1

[Event "European Blitz 2021"]
[Site "Katowice POL"]
[Date "2021.12.17"]
[Round "14.38"]
[White "Diermair, Andreas"]
[Black "Bogdanov, Ignat"]
[Result "1/2-1/2"]
[WhiteTitle "GM"]
[WhiteElo "2490"]
[BlackElo "2058"]
[WhiteFideId "1612468"]
[BlackFideId "14139650"]
[EventDate "2021.12.17"]

1. d4 d5 2. Nf3 Nf6 3. g3 c5 4. Bg2 Nc6 5. O-O Bf5 6. c4 e6 7. Nc3 Be7 8. dxc5
Bxc5 9. cxd5 exd5 10. Bg5 d4 11. Na4 Bb6 12. Rc1 O-O 13. Nc5 Bxc5 14. Rxc5 Be4
15. Qd2 Qd6 16. Rfc1 Rad8 17. Qf4 Qxf4 18. Bxf4 d3 19. exd3 Rxd3 20. Ne1 Rd7 21.
Bh3 Rd5 22. f3 Rxc5 23. Rxc5 Bd5 24. a3 Re8 25. Kf2 h6 26. Nd3 Be6 27. Bxe6 Rxe6
28. Be3 Rd6 29. Nf4 g5 30. Ne2 Nd5 31. Bd2 Nc7 32. Bc3 Ne6 33. Rc4 Rd5 34. h4
Kf8 35. hxg5 hxg5 36. g4 Ke7 37. Ng3 Kd7 38. Re4 Ncd4 39. Ne2 Nxe2 40. Rxe2 Kc6
41. Re4 b6 42. Rc4+ Rc5 43. Re4 Rd5 1/2-1/2